000 00822nas a2200265 4500
001 BR9901755
003 BR-BrBNA
005 20231205101336.0
007 ta
008 230509b bl.|||p| |||| 00| 00por d
040 _aBR-BrBNA
_bpor
_cBiblioteca Nacional de Agricultura
041 _a(Pt)
072 _aF03
100 1 _aBosco, J.
100 1 _aAguiar Filho, S.P. de
100 1 _aBarros, R.V.
245 1 _aInfluencia de tratamentos termicos e quimicos na germinacao de sementes de caja (Spondias lutea)
650 _aCaja
650 _aDormencia da Semente
650 _aEscarificacao
650 _aTratamento Termico
773 0 _tRevista Brasileira de Fruticultura (Brazil)
_xISSN 0100-2945
_g(1998), v. 20(2) p. 261-264
_wBR9901755
909 _a202311
_bLúcia
_c55
_dLúcia Elande
942 _2AGRIS
_n0
_cANA
999 _c161248
_d161248